书目信息 |
| 题名: |
高等数学基础
|
|
| 作者: | 岑春 , 李静 主编 | |
| 分册: | ||
| 出版信息: | 北京 人民交通出版社 2005.07 |
|
| 页数: | 94页 | |
| 开本: | 26cm | |
| 丛书名: | ||
| 单 册: | ||
| 中图分类: | O13 | |
| 科图分类: | ||
| 主题词: | 高等数学--高等学校 , 技术学校--教材 | |
| 电子资源: | ||
| ISBN: | 7-114-05615-X | |
| 000 | 00916nam0 2200253 450 | |
| 001 | 010273666605 | |
| 005 | 20051021093428.50 | |
| 010 | @a7-114-05615-X@dCNY16.00(含习题册) | |
| 100 | @a20051021d2005 km y0chiy0120 ea | |
| 101 | 0 | @achi |
| 102 | @aCN@b110000 | |
| 105 | @aa z 000yy | |
| 200 | 1 | @a高等数学基础@Agao deng shu xue ji chu@f岑春, 李静主编@Fcen chun,li jing zhu bian |
| 210 | @a北京@c人民交通出版社@d2005.07 | |
| 215 | @a94页@c图@d26cm@e习题1册 | |
| 330 | @a本书内容包括:函数与极限,导数与微分,积分、微分方程简介,空间解析几何简介,多元函数微积分,以及数理统计基础。全书以讲清概念、强化应用、运算为主,适度降低理论要求,加强学生实际应用能力的培养。 | |
| 333 | @a高等职业院校教材 | |
| 606 | 0 | @a高等数学@x高等学校 |
| 606 | 0 | @a技术学校@j教材 |
| 690 | @aO13@v4 | |
| 701 | 0 | @a岑春@Acen chun@4主编 |
| 701 | 0 | @a李静@Ali jing@4主编 |
| 801 | 0 | @aCN@bQSSK@c20051021 |
| 905 | @a10447@dO13@eC180 | |
| 高等数学基础/岑春, 李静主编.-北京:人民交通出版社,2005.07 |
| 94页:图;26cm+习题1册 |
| 使用对象:高等职业院校教材 |
| ISBN 7-114-05615-X:CNY16.00(含习题册) |
| 本书内容包括:函数与极限,导数与微分,积分、微分方程简介,空间解析几何简介,多元函数微积分,以及数理统计基础。全书以讲清概念、强化应用、运算为主,适度降低理论要求,加强学生实际应用能力的培养。 |
| ● |
| 相关链接 |
|
|
|
正题名:高等数学基础
索取号:O13/C180
 
预约/预借
| 序号 | 登录号 | 条形码 | 馆藏地/架位号 | 状态 | 备注 |
| 1 | 575370 | 205753709 | 自科二线504/504自科库 49排6列5层/ [索取号:O13/C180] | 在馆 | |
| 2 | 575371 | 205753718 | 自科二线504/504自科库 49排6列5层/ [索取号:O13/C180] | 在馆 | |
| 3 | 575372 | 205753727 | 自科二线504/504自科库 49排6列5层/ [索取号:O13/C180] | 在馆 |